Statistics for The Flags of the World

Click here to take the quiz!

General Stats

  • This quiz has been taken 43 times
  • The average score is 136 of 195

Answer Stats

Answer% Correct
Albania
90%
Algeria
90%
Australia
90%
Canada
90%
China
90%
Cyprus
90%
Denmark
90%
Finland
90%
France
90%
Georgia
90%
Greece
90%
Japan
90%
Nepal
90%
New Zealand
90%
Norway
90%
Pakistan
90%
Switzerland
90%
Turkey
90%
United Kingdom
90%
United States
90%
Argentina
85%
Bangladesh
85%
Belgium
85%
Bhutan
85%
Brazil
85%
Cuba
85%
Egypt
85%
Germany
85%
Iceland
85%
India
85%
Ireland
85%
Israel
85%
Italy
85%
Jamaica
85%
Kosovo
85%
Malta
85%
Mexico
85%
Netherlands
85%
Peru
85%
Poland
85%
Russia
85%
San Marino
85%
Saudi Arabia
85%
South Africa
85%
South Korea
85%
Spain
85%
Sweden
85%
Tunisia
85%
Uruguay
85%
Vatican City
85%
Vietnam
85%
Austria
80%
Bosnia and Herzegovina
80%
Chile
80%
Czech Republic
80%
Dominican Republic
80%
Indonesia
80%
Iran
80%
Jordan
80%
Kenya
80%
Kuwait
80%
Lebanon
80%
Malaysia
80%
Panama
80%
Papua New Guinea
80%
Philippines
80%
Venezuela
80%
Antigua and Barbuda
75%
Bahamas
75%
Bulgaria
75%
Cote d'Ivoire
75%
Croatia
75%
Democratic Republic of the Congo
75%
Hungary
75%
Latvia
75%
Macedonia
75%
Monaco
75%
North Korea
75%
Palau
75%
Portugal
75%
Slovakia
75%
Slovenia
75%
Syria
75%
Tonga
75%
Turkmenistan
75%
United Arab Emirates
75%
Uzbekistan
75%
Yemen
75%
Afghanistan
70%
Angola
70%
Bahrain
70%
Barbados
70%
Brunei
70%
Burkina Faso
70%
Cameroon
70%
Colombia
70%
Gabon
70%
Kazakhstan
70%
Liberia
70%
Maldives
70%
Morocco
70%
Mozambique
70%
Nigeria
70%
Oman
70%
Serbia
70%
Seychelles
70%
Singapore
70%
Sri Lanka
70%
Sudan
70%
Swaziland
70%
Taiwan
70%
Zimbabwe
70%
Azerbaijan
65%
Cambodia
65%
Ecuador
65%
Eritrea
65%
Ethiopia
65%
Guyana
65%
Honduras
65%
Laos
65%
Libya
65%
Luxembourg
65%
Madagascar
65%
Malawi
65%
Mauritania
65%
Moldova
65%
Myanmar
65%
Niger
65%
Paraguay
65%
Qatar
65%
Romania
65%
Tajikistan
65%
Thailand
65%
Uganda
65%
Ukraine
65%
Andorra
60%
Belarus
60%
Comoros
60%
East Timor
60%
Estonia
60%
Haiti
60%
Kiribati
60%
Kyrgyzstan
60%
Marshall Islands
60%
Namibia
60%
Nauru
60%
Rwanda
60%
Samoa
60%
Somalia
60%
South Sudan
60%
Tanzania
60%
Trinidad and Tobago
60%
Vanuatu
60%
Belize
55%
Botswana
55%
Cape Verde
55%
Chad
55%
Costa Rica
55%
Grenada
55%
Lesotho
55%
Mongolia
55%
Montenegro
55%
Nicaragua
55%
Sao Tome and Principe
55%
Armenia
50%
Benin
50%
Djibouti
50%
Dominica
50%
El Salvador
50%
Equatorial Guinea
50%
Fiji
50%
F. S. Micronesia
50%
Ghana
50%
St. Kitts and Nevis
50%
Suriname
50%
Togo
50%
Tuvalu
50%
Zambia
50%
Guinea
45%
Guinea Bissau
45%
Lithuania
45%
Mauritius
45%
Republic of the Congo
45%
Senegal
45%
Sierra Leone
45%
Solomon Islands
45%
St. Lucia
45%
St. Vincent and the Grenadines
45%
Burundi
40%
Central African Republic
40%
Gambia
40%
Guatemala
40%
Mali
40%
Bolivia
35%
Leichtenstein
15%

Score Distribution

Percentile by Number Answered

Percent of People with Each Score

Your Score History

You have not taken this quiz